Loading...
| Current Events | 3 | 23.33 | 100% | 100% | 33% |
| Fine Arts - Classical Music | 3 | 6.67 | 67% | 0% | 0% |
| Fine Arts - Other Fine Arts | 3 | 10.00 | 100% | 0% | 0% |
| Fine Arts - Painting and Sculpture | 4 | 15.00 | 100% | 50% | 0% |
| History - American History | 2 | 25.00 | 100% | 100% | 50% |
| History - European History | 4 | 12.50 | 100% | 25% | 0% |
| History - Other History | 3 | 10.00 | 100% | 0% | 0% |
| History - World History | 3 | 13.33 | 100% | 33% | 0% |
| Literature - American Literature | 5 | 12.00 | 80% | 40% | 0% |
| Literature - British Literature | 6 | 15.00 | 83% | 33% | 33% |
| Literature - European Literature | 7 | 8.57 | 86% | 0% | 0% |
| Literature - World Literature | 6 | 11.67 | 100% | 17% | 0% |
| Mythology | 6 | 15.00 | 100% | 50% | 0% |
| Other Academic | 1 | 10.00 | 100% | 0% | 0% |
| Philosophy | 2 | 15.00 | 100% | 50% | 0% |
| Pop Culture | 2 | 25.00 | 100% | 100% | 50% |
| Religion | 1 | 10.00 | 100% | 0% | 0% |
| Science - Biology | 4 | 10.00 | 100% | 0% | 0% |
| Science - Chemistry | 4 | 5.00 | 25% | 25% | 0% |
| Science - Other Science | 6 | 13.33 | 100% | 33% | 0% |
| Science - Physics | 2 | 5.00 | 50% | 0% | 0% |
| Social Science | 4 | 15.00 | 75% | 50% | 25% |